[Event "SV Kamen 1 - SF Brackel 2"]
[Site "NRW-Klasse - Gruppe 1 2021/20"]
[Date "2022.06.12"]
[Round "5.6"]
[White "Rumpf, Thomas"]
[Black "Kartsev, Nikolay"]
[Result "1/2-1/2"]
[WhiteElo "2043"]
[BlackElo "2080"]
[Annotator "daniel"]
[PlyCount "92"]
[EventDate "2022.??.??"]
[SourceVersionDate "2020.03.16"]
[WhiteTeam "SV Kamen 1"]
[BlackTeam "SF Brackel 2"]

1. e4 c5 2. Nf3 d6 3. Bb5+ Nd7 4. O-O Ngf6 5. Re1 g6 6. e5 dxe5 7. Nxe5 Bg7 8.
a4 O-O 9. Nxd7 Bxd7 10. Nc3 a6 11. Bxd7 Qxd7 12. a5 Rfe8 13. Qf3 Rad8 14. d3
Ng4 15. Bf4 Bd4 16. Bg3 Qf5 17. Qxf5 gxf5 18. h3 Nf6 19. Ra3 e6 20. Rb3 Nh5 21.
Bh2 Rd7 22. Na4 f4 23. Nb6 Rdd8 24. Kf1 Re7 25. Nc4 Rd5 26. Re4 f5 27. Re1 Bg7
28. Rb6 e5 29. Nd6 c4 30. Nxc4 e4 31. dxe4 fxe4 32. Rd6 Rc5 33. Rd8+ Kf7 34.
Nd6+ Kg6 35. c3 e3 36. fxe3 fxe3 37. g4 Nf6 38. Bf4 Rxa5 39. Nf5 Re4 40. Bxe3
h5 41. Ng3 $11 Re6 42. gxh5+ Nxh5 43. Bf2 Nxg3+ 44. Bxg3 Rb6 45. Rd6+ Rxd6 46.
Bxd6 Ra2 1/2-1/2

[Event "SV Kamen 1 - SF Brackel 2"]
[Site "NRW-Klasse - Gruppe 1 2021/20"]
[Date "2022.06.12"]
[Round "5.7"]
[White "Bartelt, Max Peter"]
[Black "Kilian, Ralf"]
[Result "1/2-1/2"]
[WhiteElo "2050"]
[BlackElo "2053"]
[Annotator "daniel"]
[PlyCount "58"]
[EventDate "2022.??.??"]
[SourceVersionDate "2020.03.16"]
[WhiteTeam "SF Brackel 2"]
[BlackTeam "SV Kamen 1"]

1. d4 d5 2. Nf3 Nf6 3. g3 e6 4. Bg2 c5 5. O-O Nc6 6. c4 Be7 7. Nc3 O-O 8. cxd5
exd5 9. dxc5 Bxc5 10. Bg5 d4 11. Ne4 Be7 12. Nxf6+ Bxf6 13. Qd2 h6 14. Bxf6
Qxf6 $11 15. Rfd1 Rd8 16. b4 d3 17. b5 Ne5 18. Nxe5 Qxe5 19. exd3 Bg4 20. Re1
Qxb5 21. Rab1 Qxd3 22. Qxd3 Rxd3 23. Rxb7 Rad8 24. Rxa7 Rd1 25. Rae7 Be6 26.
Rf1 Kf8 27. Rc7 Bxa2 28. Bf3 Rxf1+ 29. Kxf1 Be6 1/2-1/2

[Event "SV Kamen 1 - SF Brackel 2"]
[Site "NRW-Klasse - Gruppe 1 2021/20"]
[Date "2022.06.12"]
[Round "5.8"]
[White "Georg, Heinz"]
[Black "Seref, Erdogan"]
[Result "1-0"]
[WhiteElo "2080"]
[BlackElo "1978"]
[PlyCount "43"]
[EventDate "2022.??.??"]
[SourceVersionDate "2020.03.16"]
[WhiteTeam "SV Kamen 1"]
[BlackTeam "SF Brackel 2"]

1. e4 e5 2. Nf3 Nc6 3. Nc3 Nf6 4. d4 exd4 5. Nd5 Nb4 6. Bc4 c6 7. Nxf6+ Qxf6 8.
O-O d5 9. Bg5 Qd6 10. exd5 cxd5 11. Re1+ Be6 12. Bb5+ Nc6 13. Qxd4 Qc5 14. Qa4
a6 15. Nd4 Kd7 16. Bxc6+ bxc6 17. Re3 Qb6 18. Rb3 Qc7 19. Nxc6 Qxc6 20. Rb7+
Kd6 21. Bf4+ Kc5 22. Qb4# 1-0

[Event "SV Königsspringer Lemgo 1 - SC Porta W"]
[Site "NRW-Klasse - Gruppe 1 2021/20"]
[Date "2022.06.12"]
[Round "5.1"]
[White "Adiyaman, Rene"]
[Black "Rapatinski, Konstantin"]
[Result "1-0"]
[WhiteElo "2091"]
[BlackElo "2122"]
[PlyCount "117"]
[EventDate "2022.??.??"]
[SourceVersionDate "2020.03.16"]
[WhiteTeam "SC Porta Westfalica  1"]
[BlackTeam "SV Königsspringer Lemgo 1"]

1. e4 c5 2. Nf3 e6 3. b3 a6 4. Bb2 Nc6 5. d4 cxd4 6. Nxd4 Nf6 7. Nxc6 bxc6 8.
Nc3 d5 9. Qd3 Bc5 10. Be2 O-O 11. O-O-O Bxf2 12. Rhf1 Qb6 13. Kb1 Qe3 14. g4 d4
15. Bc1 Qxd3 16. cxd3 Bh4 17. Na4 e5 18. g5 Bg4 19. Bf3 Bxf3 20. Rxf3 Ng4 21.
Rg1 Ne3 22. Nb6 Rad8 23. Bd2 f6 24. gxf6 Rxf6 25. Rxf6 Bxf6 26. Rc1 Rd6 27. Bb4
Re6 28. Kb2 Bd8 29. Nc8 Rh6 30. Bd6 Rxh2+ 31. Ka3 Nc2+ 32. Ka4 Bf6 33. Ka5 g5
34. a4 g4 35. Rf1 Kg7 36. Ne7 Ne3 37. Rg1 h5 38. Nxc6 Rg2 39. Rh1 h4 40. Nxe5
h3 41. Nd7 Rf2 42. Kxa6 Nf1 43. e5 Bh4 44. e6 Bg3 45. Bc5 Rf4 46. e7 Kf7 47.
Ne5+ Ke8 48. Nxg4 Rxg4 49. Rxf1 Rf4 50. Rc1 Rf6+ 51. Kb5 Re6 52. Rf1 h2 53.
Rf8+ Kd7 54. Rd8+ Kc7 55. Rh8 Re1 56. a5 Kd7 57. Rd8+ Kc7 58. Bb6+ Kb7 59. a6#
1-0

[Event "SV Königsspringer Lemgo 1 - SC Porta W"]
[Site "NRW-Klasse - Gruppe 1 2021/20"]
[Date "2022.06.12"]
[Round "5.2"]
[White "Tuschinske, Matthias"]
[Black "Liebelt, Jannik"]
[Result "1/2-1/2"]
[WhiteElo "2086"]
[BlackElo "2062"]
[PlyCount "31"]
[EventDate "2022.??.??"]
[SourceVersionDate "2020.03.16"]
[WhiteTeam "SV Königsspringer Lemgo 1"]
[BlackTeam "SC Porta Westfalica  1"]

1. e4 c5 2. Nf3 d6 3. d4 cxd4 4. Nxd4 Nf6 5. Nc3 g6 6. Be3 Bg7 7. f3 O-O 8. Qd2
Nc6 9. O-O-O d5 10. exd5 Nxd5 11. Nxc6 bxc6 12. Bd4 Bxd4 13. Qxd4 Qb6 14. Na4
Qa5 15. b3 Qc7 16. Bc4 1/2-1/2

[Event "SV Königsspringer Lemgo 1 - SC Porta W"]
[Site "NRW-Klasse - Gruppe 1 2021/20"]
[Date "2022.06.12"]
[Round "5.3"]
[White "Traetmar, Mattis"]
[Black "Pajewski, Oliver"]
[Result "1-0"]
[WhiteElo "2030"]
[BlackElo "2002"]
[PlyCount "57"]
[EventDate "2022.??.??"]
[SourceVersionDate "2020.03.16"]
[WhiteTeam "SC Porta Westfalica  1"]
[BlackTeam "SV Königsspringer Lemgo 1"]

1. e4 e6 2. d4 b6 3. Nc3 Bb7 4. Nf3 Bb4 5. Bd3 Nf6 6. Qe2 d5 7. exd5 Qxd5 8.
Bd2 Qh5 9. O-O-O a5 10. a3 Be7 11. h3 Bxf3 12. gxf3 c6 13. Rhg1 g6 14. Ne4 Nbd7
15. Kb1 b5 16. Ng5 Nd5 17. Rde1 Bxg5 18. Rxg5 Qh4 19. Rg4 Qe7 20. f4 N7f6 21.
Rg5 O-O 22. f5 Rfe8 23. fxg6 hxg6 24. Reg1 Qd6 25. Qf3 Kf8 26. Re5 Nd7 27. Ree1
Kg7 28. Bxg6 fxg6 29. Rxg6+ 1-0

[Event "SV Königsspringer Lemgo 1 - SC Porta W"]
[Site "NRW-Klasse - Gruppe 1 2021/20"]
[Date "2022.06.12"]
[Round "5.4"]
[White "Jakubek, Leander"]
[Black "Kirnos, Evgeni"]
[Result "1/2-1/2"]
[WhiteElo "1879"]
[BlackElo "2190"]
[PlyCount "92"]
[EventDate "2022.??.??"]
[SourceVersionDate "2020.03.16"]
[WhiteTeam "SV Königsspringer Lemgo 1"]
[BlackTeam "SC Porta Westfalica  1"]

1. d4 d5 2. c4 e6 3. Nf3 Nf6 4. g3 Bb4+ 5. Bd2 Be7 6. Bg2 c6 7. O-O O-O 8. Qc2
Ne4 9. Nc3 Nxd2 10. Qxd2 Nd7 11. e4 dxe4 12. Nxe4 Nf6 13. Nc3 Qc7 14. c5 Rd8
15. Qe3 Bd7 16. Rfe1 Bf8 17. Ne5 Be8 18. Rab1 Nd5 19. Nxd5 exd5 20. Bh3 a5 21.
f4 b6 22. Qc3 bxc5 23. dxc5 Rab8 24. Re2 f6 25. Be6+ Kh8 26. Nd3 Bg6 27. f5 Bh5
28. Rf2 Qa7 29. Rc1 Re8 30. Nf4 Bf7 31. a3 a4 32. Qd4 Kg8 33. g4 Rb5 34. Bxf7+
Kxf7 35. Ne6 Kg8 36. h4 Rxe6 37. fxe6 Bxc5 38. Rxc5 Qxc5 39. Qxa4 h6 40. b4
Qc1+ 41. Kg2 Qc4 42. Qa8+ Kh7 43. Kg3 Qc3+ 44. Kg2 Qc4 45. Kg3 Qc3+ 46. Kg2 Qc4
1/2-1/2

[Event "SV Königsspringer Lemgo 1 - SC Porta W"]
[Site "NRW-Klasse - Gruppe 1 2021/20"]
[Date "2022.06.12"]
[Round "5.5"]
[White "Friesen, Viktor"]
[Black "Lu, Trung Cang"]
[Result "1-0"]
[WhiteElo "2133"]
[BlackElo "1834"]
[PlyCount "53"]
[EventDate "2022.??.??"]
[SourceVersionDate "2020.03.16"]
[WhiteTeam "SC Porta Westfalica  1"]
[BlackTeam "SV Königsspringer Lemgo 1"]

1. Nf3 Nf6 2. g3 g6 3. Bg2 Bg7 4. O-O d5 5. d4 O-O 6. c4 dxc4 7. Na3 Nc6 8.
Nxc4 Be6 9. b3 Bd5 10. Bb2 a5 11. Rc1 a4 12. bxa4 Ra6 13. a3 Qa8 14. a5 Nxa5
15. Nxa5 Rxa5 16. Rxc7 Bc6 17. Ne5 Bxg2 18. Kxg2 Nd5 19. Rc2 b5 20. Kg1 b4 21.
axb4 Nxb4 22. Rc4 Nd5 23. Nc6 Ra6 24. Qc2 Rc8 25. Rc1 Kf8 26. Nb4 Rxc4 27. Qxc4
1-0

[Event "SV Königsspringer Lemgo 1 - SC Porta W"]
[Site "NRW-Klasse - Gruppe 1 2021/20"]
[Date "2022.06.12"]
[Round "5.6"]
[White "Pozo Campos, Francisco"]
[Black "Schulte, Norbert"]
[Result "1-0"]
[WhiteElo "1861"]
[BlackElo "1833"]
[PlyCount "63"]
[EventDate "2022.??.??"]
[SourceVersionDate "2020.03.16"]
[WhiteTeam "SV Königsspringer Lemgo 1"]
[BlackTeam "SC Porta Westfalica  1"]

1. e4 c5 2. Nf3 Nc6 3. d4 cxd4 4. c3 dxc3 5. Nxc3 g6 6. Bc4 Bg7 7. O-O Nf6 8.
Qe2 O-O 9. Rd1 Qa5 10. h3 d6 11. Bd2 Qh5 12. Bg5 Ne5 13. Nxe5 Qxg5 14. Nf3 Qh5
15. Nd5 Nxd5 16. Rxd5 Qh6 17. Rd3 b6 18. Rad1 Bb7 19. Re3 Rac8 20. b3 Rc5 21.
a4 Qf4 22. Bd5 Ba8 23. b4 Rc7 24. g3 Qf6 25. Nd4 Rfc8 26. Rf3 Qe5 27. Bxf7+ Kh8
28. Be6 Rf8 29. Rxf8+ Bxf8 30. Qf3 Bg7 31. Qf7 h6 32. Qg8# 1-0

[Event "SV Königsspringer Lemgo 1 - SC Porta W"]
[Site "NRW-Klasse - Gruppe 1 2021/20"]
[Date "2022.06.12"]
[Round "5.7"]
[White "Peters, Waldemar"]
[Black "Krueger, Michael"]
[Result "0-1"]
[WhiteElo "1773"]
[BlackElo "1899"]
[PlyCount "106"]
[EventDate "2022.??.??"]
[SourceVersionDate "2020.03.16"]
[WhiteTeam "SC Porta Westfalica  1"]
[BlackTeam "SV Königsspringer Lemgo 1"]

1. d4 Nf6 2. c4 c5 3. e3 g6 4. Nc3 cxd4 5. exd4 d6 6. h3 Bg7 7. Nf3 O-O 8. Be2
b6 9. O-O Bb7 10. Be3 Nbd7 11. Qd2 Re8 12. Rfd1 Rc8 13. Rac1 Qc7 14. a3 Rcd8
15. Bh6 Bh8 16. Qc2 Qb8 17. b4 e5 18. d5 Rc8 19. Qb1 a6 20. Ng5 Bg7 21. Bxg7
Kxg7 22. Nge4 h6 23. Qd3 Qc7 24. Qg3 Nxe4 25. Nxe4 f5 26. Bh5 Nf8 27. Nd2 Qe7
28. Be2 Nd7 29. Qe3 Qf6 30. Nb3 Rc7 31. Rc3 Rec8 32. Rdc1 Qg5 33. Qd3 Nf6 34.
g3 Ne4 35. h4 Qe7 36. R3c2 Nf6 37. Qd1 Rf8 38. f3 Bc8 39. c5 bxc5 40. bxc5 Qd7
41. c6 Qe7 42. Kg2 f4 43. gxf4 Nh5 44. Qe1 Nxf4+ 45. Kh2 Nxd5 46. Qg3 Qf6 47.
Nd2 Qe7 48. Rc4 Ne3 49. Ra4 Nf5 50. Qf2 Nd4 51. Rxd4 exd4 52. Qxd4+ Kh7 53. Kg2
Qxe2+ 0-1

[Event "SV Königsspringer Lemgo 1 - SC Porta W"]
[Site "NRW-Klasse - Gruppe 1 2021/20"]
[Date "2022.06.12"]
[Round "5.8"]
[White "Jost, Jan-Timo"]
[Black "Sergeev, Valeri"]
[Result "1/2-1/2"]
[WhiteElo "1601"]
[BlackElo "1849"]
[PlyCount "115"]
[EventDate "2022.??.??"]
[SourceVersionDate "2020.03.16"]
[WhiteTeam "SV Königsspringer Lemgo 1"]
[BlackTeam "SC Porta Westfalica  1"]

1. d4 Nf6 2. Nf3 e6 3. c4 d5 4. Nc3 dxc4 5. e3 a6 6. Bxc4 b5 7. Bd3 Bb7 8. O-O
Nbd7 9. Re1 Be7 10. a3 c5 11. Bd2 O-O 12. Rc1 Qb6 13. Ne2 Rac8 14. Bc3 Ne4 15.
Bxe4 Bxe4 16. Ng3 Ba8 17. Qe2 Qb7 18. Red1 Rfd8 19. Ba5 Re8 20. Bc3 cxd4 21.
Bxd4 Bf6 22. Bxf6 Nxf6 23. h3 h6 24. Qd2 Rxc1 25. Rxc1 Rc8 26. Rxc8+ Qxc8 27.
Nd4 Ne4 28. Nxe4 Bxe4 29. f3 Bb7 30. Kf2 e5 31. Ne2 Qc7 32. Nc3 f6 33. Qd3 Kf7
34. Qf5 g6 35. Qd3 f5 36. e4 Ke6 37. exf5+ gxf5 38. Qe3 f4 39. Qd3 Qc5+ 40. Kf1
Qc4 41. Ke2 Bc6 42. Kd2 Qxd3+ 43. Kxd3 Kf5 44. Ke2 e4 45. fxe4+ Bxe4 46. Kf2 h5
47. b4 h4 48. a4 Bc6 49. axb5 axb5 50. Ne2 Ke4 51. Nc1 Bd5 52. Ne2 Bc4 53. Ng1
Kd4 54. Kf3 Bd5+ 55. Kxf4 Bxg2 56. Ne2+ Kc4 57. Kg4 Kxb4 58. Nd4 1/2-1/2

[Event "SV Königsspringer Hamm 1 - SK Münster"]
[Site "NRW-Klasse - Gruppe 1 2021/20"]
[Date "2022.06.12"]
[Round "5.1"]
[White "Korth, Daniel"]
[Black "Dargel, Manuel"]
[Result "1/2-1/2"]
[WhiteElo "2164"]
[BlackElo "2118"]
[Annotator "daniel"]
[PlyCount "149"]
[EventDate "2022.??.??"]
[SourceVersionDate "2020.03.16"]
[WhiteTeam "SK Münster 3"]
[BlackTeam "SV Königsspringer Hamm 1"]

1. d4 d5 2. c4 e6 3. Nf3 Nf6 4. g3 Be7 5. Bg2 O-O 6. O-O Nbd7 7. Qc2 c6 8. Nbd2
b6 9. e4 dxe4 10. Nxe4 Nxe4 11. Qxe4 Bb7 12. Rd1 Qc8 13. Ne5 Nxe5 14. dxe5 Rb8
15. Qg4 Qc7 16. b3 Rfd8 17. Bh6 Bf8 18. Bg5 Rxd1+ 19. Rxd1 c5 20. Bxb7 Qxb7 21.
h4 Kh8 22. Rd2 h6 23. Bf4 b5 24. cxb5 Qxb5 25. Be3 Qc6 26. Qd1 Be7 27. Qc2 a5
28. Rd1 Kg8 29. Rc1 Qf3 30. Qd1 Qc6 31. Rc4 Rb4 32. Qc2 Qd5 33. Bd2 Rb5 34. a4
Rb8 35. Bxa5 Qxe5 36. Bc3 Qd5 37. a5 Qb7 38. Ra4 Qa6 39. Bd2 Bf6 40. Qc4 Qd6
41. Ra2 Bd4 42. Kg2 Qc6+ 43. f3 e5 44. Bc3 Bxc3 45. Qxc3 e4 46. a6 Ra8 47. a7
Qb6 48. fxe4 Rxa7 49. Rxa7 Qxa7 50. Kf3 Qb6 51. Qc4 Kf8 52. Qd5 Qf6+ 53. Ke3
Qc3+ 54. Qd3 Qc1+ 55. Kf3 Kg8 56. e5 Qe1 57. Qe3 Qb4 58. Qd3 h5 59. Qc4 Qb7+
60. Kf4 Qc6 61. Qd3 $11 Qe6 62. Qf5 Qd5 63. Qc2 Qd4+ 64. Qe4 Qd2+ 65. Qe3 Qb4+
66. Kf3 Qb7+ 67. Kf2 Qd5 68. Qc3 g6 69. Ke3 Qg2 70. Kf4 Qd5 71. Qc4 Qd2+ 72.
Kf3 Qd1+ 73. Kf2 Qd2+ 74. Kf3 Qd1+ 75. Kf2 1/2-1/2

[Event "SV Königsspringer Hamm 1 - SK Münster"]
[Site "NRW-Klasse - Gruppe 1 2021/20"]
[Date "2022.06.12"]
[Round "5.2"]
[White "Prueß, Wilfried"]
[Black "Seegers, Hendrik"]
[Result "1/2-1/2"]
[WhiteElo "2018"]
[BlackElo "2088"]
[Annotator "daniel"]
[PlyCount "68"]
[EventDate "2022.??.??"]
[SourceVersionDate "2020.03.16"]
[WhiteTeam "SV Königsspringer Hamm 1"]
[BlackTeam "SK Münster 3"]

1. f4 Nf6 2. Nf3 c5 3. e3 g6 4. d4 Bg7 5. c3 cxd4 6. exd4 O-O 7. Bd3 d6 8. Qc2
Nc6 9. f5 Bxf5 10. Bxf5 gxf5 11. Qxf5 Qd7 12. Qxd7 Nxd7 13. O-O b5 14. Nbd2 b4
15. Ne4 bxc3 16. bxc3 Rac8 17. Rb1 Rc7 18. Rb5 a6 19. Rg5 Kh8 20. Rh5 Nd8 21.
Bd2 f5 22. Ng3 e6 23. Bg5 Nf6 $11 24. Bxf6 Bxf6 25. Ne2 Rb7 26. d5 Kg7 27. Nfd4
Bxd4+ 28. Nxd4 Kg6 29. Rh3 e5 30. Rg3+ Kh5 31. Nxf5 Rbf7 32. Rh3+ Kg5 33. Rg3+
Kh5 34. Rh3+ Kg5 1/2-1/2

[Event "SV Königsspringer Hamm 1 - SK Münster"]
[Site "NRW-Klasse - Gruppe 1 2021/20"]
[Date "2022.06.12"]
[Round "5.3"]
[White "Baumann, Stephan"]
[Black "Gerard, Marcel"]
[Result "1-0"]
[WhiteElo "1997"]
[BlackElo "1985"]
[Annotator "daniel"]
[PlyCount "105"]
[EventDate "2022.??.??"]
[SourceVersionDate "2020.03.16"]
[WhiteTeam "SK Münster 3"]
[BlackTeam "SV Königsspringer Hamm 1"]

1. e4 c5 2. Nc3 g6 3. f4 Bg7 4. Nf3 Nc6 5. Bb5 Nd4 6. O-O e6 7. d3 Ne7 8. Nxd4
cxd4 9. Ne2 O-O 10. Qe1 d6 11. Bd2 Nc6 12. Qg3 f5 13. h4 Qb6 $11 14. Bc4 fxe4
15. h5 Ne7 16. hxg6 Nf5 17. gxh7+ Kh8 18. Qe1 d5 19. Bb3 e3 20. Ba5 Qc6 21. Ng3
Rf6 22. Bd8 Rg6 23. Nxf5 exf5 24. Rc1 Be6 25. Bg5 a5 26. c3 a4 27. Bd1 Qb6 28.
Bh5 Kxh7 29. Bxg6+ Kxg6 30. Qg3 Kf7 31. Rfe1 dxc3 32. bxc3 d4 33. Rb1 Qa6 34.
c4 Bd7 35. Qf3 Bc6 36. Qh5+ Kg8 37. Qg6 Rf8 38. Re2 Qa5 39. Reb2 Rf7 40. Rb4
Qc7 41. a3 Qd7 42. R1b2 Qe8 43. Re2 Qd7 44. Kf1 Be4 45. dxe4 d3 46. Rxe3 d2 47.
Rb1 d1=Q+ 48. Rxd1 Qxd1+ 49. Re1 Qd3+ 50. Kg1 fxe4 51. Rxe4 Qd7 52. Bh6 Kf8 53.
f5 1-0

[Event "SV Königsspringer Hamm 1 - SK Münster"]
[Site "NRW-Klasse - Gruppe 1 2021/20"]
[Date "2022.06.12"]
[Round "5.4"]
[White "Schmidt, Ingo"]
[Black "Kaufhold, Thomas"]
[Result "1-0"]
[WhiteElo "1982"]
[BlackElo "2014"]
[PlyCount "77"]
[EventDate "2022.??.??"]
[SourceVersionDate "2020.03.16"]
[WhiteTeam "SV Königsspringer Hamm 1"]
[BlackTeam "SK Münster 3"]

1. e4 Nf6 2. e5 Nd5 3. d4 d6 4. c4 Nb6 5. exd6 cxd6 6. Be3 g6 7. Nf3 Bg4 8. Be2
Nc6 9. d5 Bxf3 10. gxf3 Ne5 11. f4 Ned7 12. Bd4 Nf6 13. Nc3 Bg7 14. f5 Qc8 15.
Nb5 a6 16. Nxd6+ exd6 17. Bxb6 Qxf5 18. Bd3 Qe5+ 19. Qe2 Nd7 20. Ba5 Nc5 21.
Qxe5+ Bxe5 22. O-O-O Kd7 23. Bc2 b6 24. Bd2 Rhc8 25. f4 Bg7 26. f5 b5 27. fxg6
fxg6 28. Rhf1 Rf8 29. cxb5 axb5 30. Kb1 Be5 31. h3 Na4 32. Bc1 Nb6 33. Bd3 b4
34. Bb5+ Kc7 35. Bc6 Rab8 36. Bh6 Rxf1 37. Rxf1 Nc4 38. Bc1 Bd4 39. Rf4 1-0

[Event "SV Königsspringer Hamm 1 - SK Münster"]
[Site "NRW-Klasse - Gruppe 1 2021/20"]
[Date "2022.06.12"]
[Round "5.5"]
[White "Ollech, Dirk"]
[Black "Paduch, Alexander"]
[Result "0-1"]
[WhiteElo "1846"]
[BlackElo "1825"]
[PlyCount "82"]
[EventDate "2022.??.??"]
[SourceVersionDate "2020.03.16"]
[WhiteTeam "SK Münster 3"]
[BlackTeam "SV Königsspringer Hamm 1"]

1. e4 e6 2. d4 d5 3. e5 c5 4. c3 Nc6 5. Nf3 Qb6 6. Bd3 cxd4 7. O-O Bd7 8. Re1
Nge7 9. g3 h6 10. Nbd2 dxc3 11. bxc3 Na5 12. Rb1 Qc7 13. Nb3 Nec6 14. Nbd2 Bc5
15. Qe2 a6 16. a4 Ne7 17. Bc2 b5 18. Bd3 Nc4 19. axb5 axb5 20. Nb3 Bb6 21. h4
Nc6 22. Bf4 Ra3 23. Bc1 Ra4 24. Bf4 Qa7 25. Ra1 N6a5 26. Nbd4 Bc5 27. Bc2 Rxa1
28. Rxa1 b4 29. cxb4 Bxd4 30. Ra2 Bb6 31. Bd3 Qc7 32. bxa5 Nxa5 33. Bd2 O-O 34.
Bb1 Qc4 35. Qd1 Nc6 36. Rb2 Rb8 37. Rc2 Qg4 38. Rc1 Qxg3+ 39. Kh1 Bxf2 40. Qe2
Nd4 41. Qd3 Rxb1 0-1

[Event "SV Königsspringer Hamm 1 - SK Münster"]
[Site "NRW-Klasse - Gruppe 1 2021/20"]
[Date "2022.06.12"]
[Round "5.6"]
[White "Klaus, Michael"]
[Black "Wingenfeld, Klaus"]
[Result "1-0"]
[WhiteElo "1832"]
[BlackElo "1871"]
[PlyCount "141"]
[EventDate "2022.??.??"]
[SourceVersionDate "2020.03.16"]
[WhiteTeam "SV Königsspringer Hamm 1"]
[BlackTeam "SK Münster 3"]

1. Nf3 Nf6 2. d4 g6 3. c4 Bg7 4. Nc3 d5 5. cxd5 Nxd5 6. g3 c5 7. e3 O-O 8. Bg2
Nc6 9. O-O Bg4 10. Qb3 Nxc3 11. bxc3 Na5 12. Qa4 Bd7 13. Qc2 Nc4 14. Nd2 Nxd2
15. Qxd2 Bb5 16. Re1 Qc7 17. Ba3 c4 18. Reb1 a6 19. Bc5 Rae8 20. Qe2 b6 21. Bb4
Ba4 22. Qf3 Rb8 23. Qe4 Rfe8 24. Ba3 Bd7 25. Rb2 Bf5 26. Qc6 Rec8 27. Qxc7 Rxc7
28. e4 Bc8 29. Rab1 b5 30. Rd2 Bf8 31. Bb4 Bb7 32. Ba5 Rd7 33. a4 Ba8 34. Rdb2
e5 35. dxe5 Ba3 36. Ra2 Bc5 37. Kf1 Rdb7 38. e6 bxa4 39. exf7+ Kxf7 40. Rxb7+
Rxb7 41. Bf3 a3 42. Bb4 Bxb4 43. cxb4 Rxb4 44. Rxa3 Bb7 45. Rc3 a5 46. Ke2 Ba6
47. Kd2 Ke6 48. Ke3 a4 49. Bd1 Bb5 50. Kd4 Ba6 51. Be2 Kd6 52. Bxc4 a3 53. e5+
Ke7 54. Rxa3 Rxc4+ 55. Kd5 Bb5 56. Ra7+ Kd8 57. Rxh7 Rc7 58. Rxc7 Kxc7 59. Ke6
Kd8 60. Kf6 Bd3 61. g4 Ke8 62. f4 Bc2 63. f5 gxf5 64. gxf5 Bd3 65. h4 Be2 66.
Kg6 Kf8 67. h5 Bb5 68. h6 Be8+ 69. Kf6 Kg8 70. Ke7 Bh5 71. f6 1-0

[Event "SV Königsspringer Hamm 1 - SK Münster"]
[Site "NRW-Klasse - Gruppe 1 2021/20"]
[Date "2022.06.12"]
[Round "5.7"]
[White "Meyer, Ulrich"]
[Black "Przybela, Franz"]
[Result "1-0"]
[WhiteElo "1873"]
[BlackElo "1595"]
[Annotator "daniel"]
[PlyCount "63"]
[EventDate "2022.??.??"]
[SourceVersionDate "2020.03.16"]
[WhiteTeam "SK Münster 3"]
[BlackTeam "SV Königsspringer Hamm 1"]

1. e4 e6 2. d3 d6 3. f4 Nf6 4. Nf3 Be7 5. Be2 c5 6. O-O Nc6 7. Kh1 b6 8. Be3
Bb7 9. Nbd2 O-O 10. c3 e5 11. c4 Ng4 12. Bg1 exf4 13. h3 Nge5 14. Nb1 Nxf3 15.
Bxf3 Bf6 16. Qd2 Be5 17. Nc3 Nd4 $11 18. Bh2 Nxf3 19. Rxf3 f5 20. Bxf4 fxe4 21.
Nxe4 Bxe4 22. dxe4 Rxf4 23. Rxf4 Bxf4 24. Qxf4 Qe7 25. Re1 Re8 26. b3 Qe5 27.
Qd2 h6 28. Kg1 Qg3 29. Rd1 Kf8 30. Rf1+ Ke7 31. Qd5 Qe3+ 32. Kh1 1-0

[Event "SV Königsspringer Hamm 1 - SK Münster"]
[Site "NRW-Klasse - Gruppe 1 2021/20"]
[Date "2022.06.12"]
[Round "5.8"]
[White "Happel, Juergen"]
[Black "Molinaroli, Martin"]
[Result "0-1"]
[WhiteElo "1771"]
[BlackElo "2105"]
[PlyCount "94"]
[EventDate "2022.??.??"]
[SourceVersionDate "2020.03.16"]
[WhiteTeam "SV Königsspringer Hamm 1"]
[BlackTeam "SK Münster 3"]

1. e4 b6 2. Nc3 Bb7 3. Nf3 e6 4. d4 Bb4 5. Bd3 Nf6 6. Qe2 d5 7. e5 Ne4 8. Bd2
Nxd2 9. Qxd2 Be7 10. Ne2 Ba6 11. O-O Bxd3 12. Qxd3 O-O 13. c3 c5 14. b3 Nc6 15.
Rac1 Rc8 16. Rfd1 Qc7 17. Qb1 cxd4 18. cxd4 Qb7 19. Rc2 Nb4 20. Rxc8 Rxc8 21.
Rc1 Qa6 22. Rxc8+ Qxc8 23. Ne1 Qa6 24. Nc1 Qa5 25. Kf1 g6 26. Nf3 Qa6+ 27. Kg1
Qc8 28. Ne2 Qa6 29. Nc1 Qa3 30. Kf1 Bf8 31. Ne1 Nc6 32. Nf3 Qb4 33. Qb2 Bh6 34.
Nd3 Qb5 35. Qc3 Nb4 36. Qxb4 Qxd3+ 37. Ke1 Qb1+ 38. Ke2 Qxa2+ 39. Ke1 Qb1+ 40.
Ke2 Qc2+ 41. Ke1 Bf8 42. Qb5 a5 43. g3 Qe4+ 44. Qe2 Qb1+ 45. Qd1 Bb4+ 46. Nd2
Qe4+ 47. Kf1 Qxd4 0-1

[Event "SV Kamen 1 - Gütersloher SV 1"]
[Site "NRW-Klasse - Gruppe 1 2021/20"]
[Date "2022.03.27"]
[Round "7.1"]
[White "Plaßmann, Dominik"]
[Black "Luetke, Jens"]
[Result "1-0"]
[WhiteElo "2129"]
[BlackElo "2205"]
[PlyCount "43"]
[EventDate "2022.??.??"]
[SourceVersionDate "2020.03.16"]
[WhiteTeam "Gütersloher SV 1"]
[BlackTeam "SV Kamen 1"]

1. e4 c5 2. d4 cxd4 3. c3 dxc3 4. Nxc3 Nc6 5. Nf3 e6 6. Bc4 a6 7. O-O b5 8. Bb3
Bb7 9. Qe2 Nge7 10. Bg5 h6 11. Be3 Ng6 12. Nd5 exd5 13. exd5 Be7 14. dxc6 Bxc6
15. Nd4 O-O 16. Qh5 Kh7 17. Rad1 Bb7 18. Nf5 Bg5 19. f4 Bf6 20. Nd6 Qe7 21. Bc5
Bc6 22. Rfe1 1-0

[Event "SV Kamen 1 - Gütersloher SV 1"]
[Site "NRW-Klasse - Gruppe 1 2021/20"]
[Date "2022.03.27"]
[Round "7.2"]
[White "Himmel, Hansjoerg"]
[Black "Janyska, Dennis"]
[Result "1/2-1/2"]
[WhiteElo "2226"]
[BlackElo "2059"]
[PlyCount "93"]
[EventDate "2022.??.??"]
[SourceVersionDate "2020.03.16"]
[WhiteTeam "SV Kamen 1"]
[BlackTeam "Gütersloher SV 1"]

1. d4 d5 2. Nf3 Nf6 3. Bf4 c5 4. e3 Nc6 5. Nbd2 Bf5 6. dxc5 e6 7. Nd4 Bxc5 8.
Nxf5 exf5 9. Nb3 Bd6 10. Bg5 O-O 11. c3 Re8 12. g3 h6 13. Bxf6 Qxf6 14. Bg2 f4
15. gxf4 Qxf4 16. Qf3 Qxf3 17. Bxf3 Ne5 18. Be2 Rad8 19. Na5 Re7 20. O-O-O Bc5
21. Rd2 Bb6 22. Nb3 Nc4 23. Rdd1 a6 24. Nd4 g6 25. b3 Ne5 26. Kb2 Kg7 27. Rd2
Kf6 28. Rhd1 Red7 29. Nc2 h5 30. h3 Ke7 31. Nb4 Ke6 32. Nc2 Ke7 33. f4 Nc6 34.
Bf3 Ke6 35. a4 a5 36. Rd3 Ne7 37. Re1 f5 38. Nd4+ Bxd4 39. exd4+ Kf7 40. Rde3
Nc6 41. h4 Rc7 42. Bg2 Kf6 43. Re6+ Kf7 44. R1e3 Rcd7 45. Re1 Rc7 46. R1e3 Rcd7
47. Re1 1/2-1/2

[Event "SV Kamen 1 - Gütersloher SV 1"]
[Site "NRW-Klasse - Gruppe 1 2021/20"]
[Date "2022.03.27"]
[Round "7.3"]
[White "Asani, Baskim"]
[Black "Weidemann, Christian"]
[Result "1/2-1/2"]
[WhiteElo "1961"]
[BlackElo "2231"]
[PlyCount "46"]
[EventDate "2022.??.??"]
[SourceVersionDate "2020.03.16"]
[WhiteTeam "Gütersloher SV 1"]
[BlackTeam "SV Kamen 1"]

1. d4 Nf6 2. Bf4 d5 3. e3 c5 4. c3 Nc6 5. Nd2 Bf5 6. Qb3 Qd7 7. Ngf3 c4 8. Qa4
a6 9. Qd1 e6 10. Nh4 Bd6 11. Nxf5 exf5 12. Bg3 O-O 13. Qc2 Bxg3 14. hxg3 b5 15.
Be2 b4 16. O-O Rfc8 17. Rfc1 Rab8 18. b3 cxb3 19. Nxb3 Ne4 20. Bxa6 Re8 21.
cxb4 Nxb4 22. Qe2 Qa4 23. Bd3 Nxa2 1/2-1/2

[Event "SV Kamen 1 - Gütersloher SV 1"]
[Site "NRW-Klasse - Gruppe 1 2021/20"]
[Date "2022.03.27"]
[Round "7.4"]
[White "Kleinegger, Frank"]
[Black "Wulfhorst, Noah"]
[Result "1-0"]
[WhiteElo "2088"]
[BlackElo "1973"]
[PlyCount "45"]
[EventDate "2022.??.??"]
[SourceVersionDate "2020.03.16"]
[WhiteTeam "SV Kamen 1"]
[BlackTeam "Gütersloher SV 1"]

1. d4 Nf6 2. Bg5 d5 3. Nf3 e6 4. e3 Be7 5. Nbd2 O-O 6. Bd3 b6 7. Ne5 Bb7 8. O-O
Nbd7 9. Qf3 c5 10. c3 h6 11. Bf4 Re8 12. Bb5 Rc8 13. Bxh6 Nxe5 14. dxe5 Nd7 15.
Qg3 Bf8 16. Nf3 a6 17. Bd3 d4 18. Bg5 Be7 19. exd4 cxd4 20. cxd4 b5 21. Qh4
Bxg5 22. Nxg5 Nf8 23. Rfe1 1-0